| 000 | 00457nam a22001817a 4500 | ||
|---|---|---|---|
| 003 | CEME | ||
| 005 | 20210628205029.0 | ||
| 008 | 210223b xxu||||| |||| 00| 0 eng d | ||
| 020 | _a0-12-588930-5 | ||
| 040 | _c. | ||
| 082 | _a666 RIN'F | ||
| 100 |
_aRing, Tarry A _973520 |
||
| 245 | _aFundamentals of ceramic powder processing and synthesis | ||
| 260 |
_aNEWYORK _bAP _c1996 |
||
| 300 | _a961P | ||
| 650 |
_aCERAMIC POWDERS _951956 |
||
| 942 |
_cBK _2ddc |
||
| 999 |
_c579231 _d579231 |
||